[Event "Canadian op 48th U2000"]
[Site "Toronto"]
[Date "2011.07.11"]
[Round "3"]
[White "Milicevic, Ljudmila"]
[Black "Allen, Ted"]
[Result "0-1"]
[WhiteElo "1048"]
[BlackElo "1564"]
[PlyCount "48"]
[EventDate "2011.07.09"]
[EventType "swiss"]
[EventRounds "9"]
[EventCountry "CAN"]
[SourceTitle "EXT 2022"]
[Source "ChessBase"]
[SourceDate "2021.10.06"]
[SourceVersion "1"]
[SourceVersionDate "2021.10.06"]
[SourceQuality "1"]

1. e4 e5 2. Nf3 Nc6 3. Bc4 Nf6 4. d3 Bc5 5. Nc3 d6 6. a3 0-0 7. 0-0 Bg4 8. Be3 Nd4 9. Bxd4 Bxd4 10. Rb1 c6 11. a4 d5 12. exd5 cxd5 13. h3 Bxf3 14. Qxf3 dxc4 15. dxc4 Qb6 16. Nd5 Nxd5 17. Qxd5 Rad8 18. Qf3 Rd6 19. b4 Rf6 20. Qe2 Rc8 21. c5 Qc6 22. a5 Rg6 23. g3 Rxg3+ 24. Kh2 Qg2# 0-1

[Event "Canadian op 48th U2000"]
[Site "Toronto"]
[Date "2011.07.09"]
[Round "1"]
[White "Jubenville, Mark"]
[Black "Allen, Ted"]
[Result "1-0"]
[WhiteElo "1790"]
[BlackElo "1564"]
[PlyCount "39"]
[EventDate "2011.07.09"]
[EventType "swiss"]
[EventRounds "9"]
[EventCountry "CAN"]
[SourceTitle "EXT 2022"]
[Source "ChessBase"]
[SourceDate "2021.10.06"]
[SourceVersion "1"]
[SourceVersionDate "2021.10.06"]
[SourceQuality "1"]

1. d4 d5 2. Bf4 Nc6 3. e3 Bf5 4. c3 e6 5. Nf3 Bd6 6. Ne5 Nxe5 7. dxe5 Bc5 8. Bd3 Ne7 9. h3 0-0 10. Bxf5 Nxf5 11. Nd2 Nh4 12. Qg4 f5 13. exf6 Qxf6 14. 0-0-0 c6 15. Bg5 Qxf2 16. Bxh4 Qxe3 17. Rhe1 Rf4 18. Bg5 Qxe1 19. Bxf4 Qf2 20. Rf1 1-0